| 000 | 00439cam a22001217a 4500 | ||
|---|---|---|---|
| 008 | 180718b1981 xxu||||| |||| 00| 0 eng d | ||
| 082 | _aA81x54 In2/81/1/Pap2/1981 | ||
| 100 | _aCensus of India 1981 | ||
| 245 | _aIndia: provisional population totals, rural-urban distribution | ||
| 260 |
_aDelhi _bRegistrar General & Census Commissioner for India _c1981 |
||
| 300 | _a216p. | ||
| 440 | _aCensus of India 1981. Series-1, India. Paper-2 of 1981 | ||
| 999 |
_c481876 _d481876 |
||